000 00365nam a2200145Ia 4500
005 20251222143257.0
008 251222s9999||||xx |||||||||||||| ||spa||
020 _a9786124558856
082 _a363.209.2/Y94
100 _aYunis Herrera, Luis Fares
245 0 _aLa Complicidad del Silencio
250 _a1ra.ed.
264 _bOrnitorrinco Editores
942 _cLIB
999 _c15173
_d15173